[Event "17. Obert Int. Sant Marti 2015"]
[Site "Barcelona ESP"]
[Date "2015.07.15"]
[Round "3.56"]
[White "Rojas Fernandez, Andres"]
[Black "Havik, Victor"]
[Result "0-1"]
[WhiteElo "1946"]
[BlackElo "2139"]
[PlyCount "118"]
[EventDate "2015.07.13"]
[EventType "swiss"]
[EventRounds "9"]
[EventCountry "ESP"]
[SourceTitle "Ajedrez en Madrid"]
[Source "lmi"]
[SourceDate "2013.07.13"]
[SourceVersion "1"]
[SourceVersionDate "2019.06.24"]
[SourceQuality "1"]

1. e4 e5 2. Nf3 Nc6 3. Bb5 a6 4. Ba4 Nf6 5. O-O Be7 6. Re1 b5 7. Bb3 d6 8. h3
Na5 9. c3 Nxb3 10. axb3 Bb7 11. d3 c5 12. Bg5 Nd7 13. Bxe7 Qxe7 14. c4 b4 15.
Nbd2 O-O 16. g4 Rfe8 17. Re2 Nf8 18. Ne1 h5 19. f3 Ne6 20. Ng2 Nf4 21. Nxf4
exf4 22. Qf1 Qe5 23. Rb1 Qd4+ 24. Rf2 Re5 25. Kg2 g6 26. Kh2 a5 27. Rg2 Kg7 28.
g5 Bc6 29. Qe2 Re7 30. Nf1 Rea7 31. Qd2 Qe5 32. d4 cxd4 33. Rd1 Kf8 34. Qxd4
Ke7 35. Rgd2 Rd7 36. Qb6 Qc5 37. Qxc5 dxc5 38. Rxd7+ Bxd7 39. Rd5 Bc6 40. Rd3
a4 41. bxa4 Rxa4 42. b3 Ra2+ 43. Nd2 h4 44. Kg2 Rc2 45. Kf2 Bd7 46. Ke2 Bxh3
47. Rd5 Bd7 48. Rxc5 h3 49. Ra5 Rc1 50. Nf1 h2 51. Nxh2 Rc2+ 52. Kd3 Rxh2 53.
c5 Rb2 54. Ra7 Rxb3+ 55. Kc4 Rxf3 56. Kxb4 Rf1 57. Kc4 f3 58. Kd5 Rd1+ 59. Ke5
f2 0-1

[Event "17. Obert Int. Sant Marti 2015"]
[Site "Barcelona ESP"]
[Date "2015.07.15"]
[Round "3.57"]
[White "Egorova, Ayyyna"]
[Black "Coppola, Federico"]
[Result "1/2-1/2"]
[WhiteElo "1901"]
[BlackElo "2136"]
[PlyCount "129"]
[EventDate "2015.07.13"]
[EventType "swiss"]
[EventRounds "9"]
[EventCountry "ESP"]
[SourceTitle "Ajedrez en Madrid"]
[Source "lmi"]
[SourceDate "2013.07.13"]
[SourceVersion "1"]
[SourceVersionDate "2019.06.24"]
[SourceQuality "1"]

1. e4 e6 2. d4 d5 3. Nc3 Nf6 4. Bg5 Bb4 5. e5 h6 6. exf6 hxg5 7. fxg7 Rg8 8.
Qh5 Qf6 9. Nf3 Qxg7 10. Be2 Nc6 11. O-O-O Be7 12. Bd3 Rh8 13. Qg4 f5 14. Qg3
Bd6 15. Ne5 Nxe5 16. dxe5 Bxe5 17. Qf3 Bd7 18. Be2 O-O-O 19. h3 Bc6 20. Qd3 Kb8
21. Bf3 Be8 22. Kb1 Bg6 23. Na4 Rhe8 24. Qb3 c6 25. Rhe1 Bf6 26. Qb4 e5 27. Re3
Qe7 28. Nc5 b6 29. Na6+ Ka8 30. Qa4 Qb7 31. Rc3 b5 32. Qa5 e4 33. Nc7+ Kb8 34.
Nxe8 Rxe8 35. Rb3 exf3 36. a4 a6 37. axb5 axb5 38. gxf3 Bf7 39. Re3 Rxe3 40.
fxe3 Qc7 41. Qb4 Qe7 42. Qd2 Qe5 43. Qd4 Qxd4 44. exd4 Bh5 45. Rd3 f4 46. Kc1
Bg6 47. Rd2 Bf5 48. c3 Bxh3 49. Rh2 Bd7 50. Rh6 Bd8 51. b4 Kc7 52. Kd2 g4 53.
Ke2 g3 54. Kf1 Be7 55. Kg2 Bf5 56. Kh1 Kd7 57. Kg2 Bd3 58. Rh8 Bg6 59. Rh6 Bf7
60. Rh8 Be8 61. Rg8 Bd6 62. Rg4 Ke6 63. Rh4 Ke7 64. Kh1 Bf7 65. Kg2 1/2-1/2

[Event "17. Obert Int. Sant Marti 2015"]
[Site "Barcelona ESP"]
[Date "2015.07.15"]
[Round "3.58"]
[White "Leriche, Luc"]
[Black "Ruiz Molina, Gabriel"]
[Result "1-0"]
[WhiteElo "2132"]
[BlackElo "1916"]
[PlyCount "115"]
[EventDate "2015.07.13"]
[EventType "swiss"]
[EventRounds "9"]
[EventCountry "ESP"]
[SourceTitle "Ajedrez en Madrid"]
[Source "lmi"]
[SourceDate "2013.07.13"]
[SourceVersion "1"]
[SourceVersionDate "2019.06.24"]
[SourceQuality "1"]

1. e4 e6 2. d4 d5 3. Nd2 Nf6 4. e5 Nfd7 5. c3 c5 6. Ngf3 Nc6 7. Bd3 a6 8. O-O
Be7 9. Re1 Rb8 10. Nf1 b5 11. Ng3 h5 12. Qe2 Nb6 13. dxc5 Bxc5 14. Bg5 Be7 15.
h4 g6 16. Rad1 Bxg5 17. Nxg5 Qe7 18. Qc2 Rh6 19. Qc1 Rh8 20. Qf4 Na4 21. Rd2
Bb7 22. Re3 Rc8 23. Rf3 Rc7 24. Qe3 Nd8 25. Rf6 Rg8 26. Qf4 Nc5 27. Qe3 Rg7 28.
Nf3 Kd7 29. Bc2 Kc8 30. Qg5 Rh7 31. Qe3 Nd7 32. Rf4 Kb8 33. a4 Qc5 34. Qe2 Qb6
35. axb5 axb5 36. Bd3 Ba6 37. Rd1 Nc5 38. Ra1 Nxd3 39. Qxd3 Rh8 40. Ne2 Nb7 41.
Ng5 Rf8 42. Nd4 Nc5 43. Qf3 Bc8 44. Nxf7 Ne4 45. Ng5 Nd2 46. Qg3 Re8 47. Nxb5
Rc4 48. Nd6 Qxb2 49. Rd1 Rxc3 50. Nf3 Qb3 51. Rxd2 Rc1+ 52. Kh2 Qb1 53. Kh3 g5
54. hxg5 Rh1+ 55. Nh2 h4 56. Qc3 Qg1 57. Rb4+ Ka7 58. Nxc8+ 1-0

[Event "17. Obert Int. Sant Marti 2015"]
[Site "Barcelona ESP"]
[Date "2015.07.15"]
[Round "3.59"]
[White "Magallanes, Gustavo"]
[Black "Scheffknecht, Philipp"]
[Result "1-0"]
[WhiteElo "1908"]
[BlackElo "2121"]
[PlyCount "55"]
[EventDate "2015.07.13"]
[EventType "swiss"]
[EventRounds "9"]
[EventCountry "ESP"]
[SourceTitle "Ajedrez en Madrid"]
[Source "lmi"]
[SourceDate "2013.07.13"]
[SourceVersion "1"]
[SourceVersionDate "2019.06.24"]
[SourceQuality "1"]

1. e4 d6 2. d4 Nf6 3. Nc3 g6 4. f3 c6 5. Be3 b5 6. Qd2 Nbd7 7. g4 Nb6 8. h4 h5
9. g5 Nfd7 10. f4 Bg7 11. f5 Nc4 12. Bxc4 bxc4 13. Nge2 Rb8 14. Rb1 Qa5 15. O-O
c5 16. fxg6 fxg6 17. Nf4 Nf8 18. dxc5 dxc5 19. Qf2 Bd4 20. Bxd4 cxd4 21. Ncd5
Rh7 22. Qxd4 Qxa2 23. Qe5 Nd7 24. Nc7+ Kf7 25. Qe6+ Kg7 26. Qxg6+ Kh8 27. Qe8+
Kg7 28. Nfe6# 1-0

[Event "17. Obert Int. Sant Marti 2015"]
[Site "Barcelona ESP"]
[Date "2015.07.15"]
[Round "3.60"]
[White "Huguet, Sergio"]
[Black "Niklesh, Kumar Jain"]
[Result "1-0"]
[WhiteElo "2094"]
[BlackElo "1904"]
[PlyCount "141"]
[EventDate "2015.07.13"]
[EventType "swiss"]
[EventRounds "9"]
[EventCountry "ESP"]
[SourceTitle "Ajedrez en Madrid"]
[Source "lmi"]
[SourceDate "2013.07.13"]
[SourceVersion "1"]
[SourceVersionDate "2019.06.24"]
[SourceQuality "1"]

1. d4 d5 2. e3 Nf6 3. Bd3 e6 4. f4 c5 5. c3 Ne4 6. Nf3 Be7 7. Nbd2 f5 8. Ne5 g6
9. O-O Nc6 10. Ndf3 Bd7 11. Bd2 Rb8 12. Be1 b5 13. g4 c4 14. Bxe4 dxe4 15. Nxc6
Bxc6 16. Ne5 Bd5 17. gxf5 exf5 18. a4 b4 19. cxb4 Bxb4 20. a5 O-O 21. Bxb4 Rxb4
22. Qd2 Qe7 23. Rfc1 Rfb8 24. Rc2 Qb7 25. Rac1 Rxb2 26. Rxb2 Qxb2 27. Qxb2 Rxb2
28. Nxc4 Bxc4 29. Rxc4 Rb7 30. a6 Rd7 31. Kf2 Kf7 32. Rc6 Ke7 33. Ke2 Kd8 34.
Kd2 Rc7 35. Rc5 Rd7 36. Rc6 Rd5 37. Kc3 Kd7 38. Rf6 Ke7 39. Rc6 Kd7 40. Rf6 Kc7
41. Kc4 Ra5 42. Rf7+ Kb6 43. Rxh7 Rxa6 44. Rg7 Ra3 45. Rxg6+ Kc7 46. Rf6 Rxe3
47. Rxf5 Rh3 48. Re5 Rxh2 49. Rxe4 Kd6 50. Re5 Rf2 51. f5 Rc2+ 52. Kd3 Rf2 53.
Ra5 Rf1 54. Ke4 Re1+ 55. Kf4 Rd1 56. Ra4 a5 57. Kg5 Ke7 58. Rxa5 Rxd4 59. Ra7+
Kf8 60. Kg6 Rd1 61. Ra8+ Ke7 62. f6+ Ke6 63. Re8+ Kd7 64. Re3 Rg1+ 65. Kh7 Rg2
66. f7 Rf2 67. Kg7 Rg2+ 68. Kf8 Rf2 69. Rd3+ Ke6 70. Ke8 Rxf7 71. Re3+ 1-0

[Event "17. Obert Int. Sant Marti 2015"]
[Site "Barcelona ESP"]
[Date "2015.07.15"]
[Round "3.61"]
[White "Hapala, Elisabeth"]
[Black "Torrents Senal, Marc"]
[Result "1-0"]
[WhiteElo "2083"]
[BlackElo "1824"]
[PlyCount "49"]
[EventDate "2015.07.13"]
[EventType "swiss"]
[EventRounds "9"]
[EventCountry "ESP"]
[SourceTitle "Ajedrez en Madrid"]
[Source "lmi"]
[SourceDate "2013.07.13"]
[SourceVersion "1"]
[SourceVersionDate "2019.06.24"]
[SourceQuality "1"]

1. e4 c6 2. d4 d5 3. Nc3 dxe4 4. Nxe4 Bf5 5. Ng3 Bg6 6. h4 h6 7. Nf3 Nd7 8. h5
Bh7 9. Bd3 Bxd3 10. Qxd3 Ngf6 11. Bd2 e6 12. O-O-O Nb6 13. Kb1 Qd5 14. Ne5 Rd8
15. Bf4 Nfd7 16. Ng6 fxg6 17. Qxg6+ Ke7 18. Rhe1 Re8 19. Bc7 Nb8 20. Re5 Kd7
21. Rxd5+ Nxd5 22. Be5 Ne7 23. Qf7 Na6 24. Ne4 Rg8 25. Nc5+ 1-0

[Event "17. Obert Int. Sant Marti 2015"]
[Site "Barcelona ESP"]
[Date "2015.07.15"]
[Round "3.62"]
[White "Fernandez Aguilar, Francisco"]
[Black "Perez Garcia, Adria"]
[Result "1-0"]
[WhiteElo "2067"]
[BlackElo "1644"]
[PlyCount "131"]
[EventDate "2015.07.13"]
[EventType "swiss"]
[EventRounds "9"]
[EventCountry "ESP"]
[SourceTitle "Ajedrez en Madrid"]
[Source "lmi"]
[SourceDate "2013.07.13"]
[SourceVersion "1"]
[SourceVersionDate "2019.06.24"]
[SourceQuality "1"]

1. e4 c6 2. d4 d5 3. Nc3 dxe4 4. Nxe4 Bf5 5. Ng3 Bg6 6. h4 h6 7. Nf3 Nd7 8. h5
Bh7 9. Bd3 Bxd3 10. Qxd3 e6 11. Bd2 Ngf6 12. O-O-O Be7 13. Ne4 Nxe4 14. Qxe4
Nf6 15. Qe2 Qd5 16. c4 Qe4 17. Qxe4 Nxe4 18. Be3 O-O 19. Ne5 Rfd8 20. g4 c5 21.
Kc2 Rac8 22. f3 cxd4 23. Rxd4 Rxd4 24. Bxd4 Nd6 25. b3 b5 26. Kd3 bxc4+ 27.
Nxc4 Nb5 28. Bb2 Nc7 29. Ne3 Rd8+ 30. Ke2 Bg5 31. Be5 Nd5 32. Nxd5 Rxd5 33. f4
Be7 34. Rd1 Rxd1 35. Kxd1 g5 36. Ke2 f5 37. Kf3 Kh7 38. Bc3 Bd6 39. Bd2 gxf4
40. Bxf4 e5 41. Be3 e4+ 42. Kf2 fxg4 43. Bxa7 Kg7 44. Bd4+ Kf7 45. Ke3 Ke6 46.
Kxe4 g3 47. Be3 g2 48. Kf3 Kf5 49. Kxg2 Kg4 50. a4 Bc7 51. b4 Kxh5 52. a5 Kg4
53. a6 Bb8 54. a7 Bxa7 55. Bxa7 Kf5 56. Kh3 Ke4 57. Bc5 Kd5 58. Kh4 Kc4 59. Kh5
Kb5 60. Kxh6 Kc4 61. Kg6 Kb5 62. Kf5 Kc6 63. Ke6 Kc7 64. Kd5 Kb7 65. b5 Kc7 66.
Bd4 1-0

[Event "17. Obert Int. Sant Marti 2015"]
[Site "Barcelona ESP"]
[Date "2015.07.15"]
[Round "3.63"]
[White "Boixader Arbo, Xavier"]
[Black "Garnier, Teddy"]
[Result "0-1"]
[WhiteElo "1755"]
[BlackElo "2055"]
[PlyCount "56"]
[EventDate "2015.07.13"]
[EventType "swiss"]
[EventRounds "9"]
[EventCountry "ESP"]
[SourceTitle "Ajedrez en Madrid"]
[Source "lmi"]
[SourceDate "2013.07.13"]
[SourceVersion "1"]
[SourceVersionDate "2019.06.24"]
[SourceQuality "1"]

1. e4 c6 2. d4 d5 3. Nc3 dxe4 4. Nxe4 Bf5 5. Ng3 Bg6 6. h4 h6 7. Nh3 e6 8. Nf4
Bh7 9. Bc4 Nf6 10. O-O Bd6 11. Ngh5 Nxh5 12. Qxh5 Bxf4 13. Bxf4 Qxd4 14. Bxe6
Qxf4 15. Bxf7+ Qxf7 16. Rfe1+ Kf8 17. Qc5+ Kg8 18. Re7 Nd7 19. Qd6 Qf6 20. Qxd7
Rf8 21. f3 Bxc2 22. Rae1 Bf5 23. Qxb7 h5 24. Qxa7 Rh6 25. Qf2 Rg6 26. Kh2 Kh7
27. Ra7 Be6 28. Rc1 Qf4+ 0-1

[Event "17. Obert Int. Sant Marti 2015"]
[Site "Barcelona ESP"]
[Date "2015.07.15"]
[Round "3.64"]
[White "Brilej, Jaka"]
[Black "Segarra Calderer, Albert"]
[Result "0-1"]
[WhiteElo "1639"]
[BlackElo "2014"]
[PlyCount "62"]
[EventDate "2015.07.13"]
[EventType "swiss"]
[EventRounds "9"]
[EventCountry "ESP"]
[SourceTitle "Ajedrez en Madrid"]
[Source "lmi"]
[SourceDate "2013.07.13"]
[SourceVersion "1"]
[SourceVersionDate "2019.06.24"]
[SourceQuality "1"]

1. e4 d5 2. exd5 Qxd5 3. Nc3 Qa5 4. d4 Nf6 5. Bc4 Bf5 6. Nge2 c6 7. O-O e6 8.
Ng3 Bg6 9. f4 Be7 10. f5 exf5 11. Qe2 Qd8 12. Be3 O-O 13. Nxf5 Qd7 14. Bd3 Re8
15. Qf3 Bf8 16. Rae1 Na6 17. a3 Nc7 18. Kh1 Ncd5 19. Bd2 Rxe1 20. Rxe1 Re8 21.
Rxe8 Qxe8 22. Ne4 Nxe4 23. Bxe4 Qe6 24. Ng3 Nf6 25. Bxg6 hxg6 26. h3 Qa2 27.
Qb3 Qb1+ 28. Kh2 Bd6 29. Bb4 Bf4 30. Be7 Ne4 31. Bh4 Nf2 0-1

[Event "17. Obert Int. Sant Marti 2015"]
[Site "Barcelona ESP"]
[Date "2015.07.15"]
[Round "3.65"]
[White "Meylan, Andre"]
[Black "Serefidou, Despina"]
[Result "1/2-1/2"]
[WhiteElo "2196"]
[BlackElo "1923"]
[PlyCount "128"]
[EventDate "2015.07.13"]
[EventType "swiss"]
[EventRounds "9"]
[EventCountry "ESP"]
[SourceTitle "Ajedrez en Madrid"]
[Source "lmi"]
[SourceDate "2013.07.13"]
[SourceVersion "1"]
[SourceVersionDate "2019.06.24"]
[SourceQuality "1"]

1. e4 c5 2. Nf3 d6 3. d4 cxd4 4. Nxd4 Nf6 5. Nc3 a6 6. a4 e5 7. Nf3 h6 8. Bc4
Be7 9. O-O O-O 10. Re1 Be6 11. Nd5 Nxd5 12. Bxd5 Qc7 13. c4 a5 14. b3 Bg4 15.
h3 Bxf3 16. Qxf3 Nd7 17. Ba3 Nc5 18. Bxc5 dxc5 19. Rad1 Rad8 20. Rd3 Rd6 21.
Red1 Rf6 22. Qe3 Rd8 23. Qd2 Kf8 24. Rg3 Rdd6 25. Qc3 Ra6 26. Rdd3 Rg6 27. Qd2
Rxg3 28. Rxg3 Rf6 29. Qd1 Qd7 30. Qh5 Bd6 31. Rd3 b6 32. Ba8 Qc8 33. Bd5 Qd7
34. Qd1 Qc7 35. Qg4 Rf4 36. Qh5 Qe7 37. Rf3 Rxf3 38. Qxf3 Qd7 39. Qd1 Bc7 40.
Qh5 Bb8 41. g4 Kg8 42. Kg2 Bc7 43. h4 Qe7 44. Qf5 Bd8 45. Kf1 Qf6 46. Qd7 Qe7
47. Qc6 Kf8 48. h5 Qg5 49. Qc8 Qf6 50. Kg2 Qg5 51. f4 exf4 52. e5 Qe7 53. Qf5
Kg8 54. Be4 Kf8 55. Bd5 Kg8 56. Qxf4 Bc7 57. Qf5 Bxe5 58. Qc8+ Kh7 59. Qf5+ g6
60. Qxf7+ Qxf7 61. Bxf7 gxh5 62. Bxh5 Kg7 63. Kf3 Kf6 64. Ke4 Ke6 1/2-1/2

[Event "17. Obert Int. Sant Marti 2015"]
[Site "Barcelona ESP"]
[Date "2015.07.15"]
[Round "3.66"]
[White "Arroyo Mateo, Jose Miguel"]
[Black "Busquets, Luis"]
[Result "1-0"]
[WhiteElo "1937"]
[BlackElo "2189"]
[PlyCount "27"]
[EventDate "2015.07.13"]
[EventType "swiss"]
[EventRounds "9"]
[EventCountry "ESP"]
[SourceTitle "Ajedrez en Madrid"]
[Source "lmi"]
[SourceDate "2013.07.13"]
[SourceVersion "1"]
[SourceVersionDate "2019.06.24"]
[SourceQuality "1"]

1. e4 c5 2. Nf3 d6 3. d4 cxd4 4. Qxd4 Nc6 5. Bb5 Bd7 6. Bxc6 Bxc6 7. Nc3 Nf6 8.
Bg5 e6 9. O-O-O Be7 10. Rhe1 O-O 11. e5 dxe5 12. Qh4 Qc7 13. Nxe5 Rad8 14. Ng4
1-0

[Event "17. Obert Int. Sant Marti 2015"]
[Site "Barcelona ESP"]
[Date "2015.07.15"]
[Round "3.67"]
[White "Nunez Lucero, Francisco"]
[Black "Drvar, Izidor"]
[Result "1/2-1/2"]
[WhiteElo "2174"]
[BlackElo "1900"]
[PlyCount "98"]
[EventDate "2015.07.13"]
[EventType "swiss"]
[EventRounds "9"]
[EventCountry "ESP"]
[SourceTitle "Ajedrez en Madrid"]
[Source "lmi"]
[SourceDate "2013.07.13"]
[SourceVersion "1"]
[SourceVersionDate "2019.06.24"]
[SourceQuality "1"]

1. e4 c5 2. c3 d5 3. exd5 Qxd5 4. d4 e5 5. dxe5 Qxe5+ 6. Be3 Nf6 7. Nf3 Qc7 8.
h3 Be7 9. Bc4 a6 10. a4 Nc6 11. O-O h6 12. Qc2 O-O 13. Nbd2 b6 14. Rfe1 Bb7 15.
Ba2 Bd6 16. Bxh6 Bf4 17. Bxf4 Qxf4 18. Ne4 Nxe4 19. Qxe4 Qxe4 20. Rxe4 Nd4 21.
Re5 Nxf3+ 22. gxf3 Rfe8 23. Rae1 Kf8 24. Kg2 Rxe5 25. Rxe5 Rd8 26. Bc4 Rd6 27.
h4 Rd2 28. b3 Rc2 29. Re3 Rd2 30. Rd3 Rxd3 31. Bxd3 Ke7 32. Kg3 Bd5 33. c4 Be6
34. Kf4 Kf6 35. Be4 a5 36. Bc6 Bf5 37. Be4 Be6 38. Ke3 Ke5 39. Bc6 f5 40. f4+
Kf6 41. Be8 g6 42. h5 gxh5 43. Bxh5 Bd7 44. Bf3 Be8 45. Bd5 Kg6 46. Kf3 Bd7 47.
Kg3 Kh6 48. Bf7 Bc8 49. Kh4 Bd7 1/2-1/2

[Event "17. Obert Int. Sant Marti 2015"]
[Site "Barcelona ESP"]
[Date "2015.07.15"]
[Round "3.68"]
[White "Jul Perez, Alberto"]
[Black "Lienhard, Alex"]
[Result "0-1"]
[WhiteElo "1870"]
[BlackElo "2139"]
[PlyCount "72"]
[EventDate "2015.07.13"]
[EventType "swiss"]
[EventRounds "9"]
[EventCountry "ESP"]
[SourceTitle "Ajedrez en Madrid"]
[Source "lmi"]
[SourceDate "2013.07.13"]
[SourceVersion "1"]
[SourceVersionDate "2019.06.24"]
[SourceQuality "1"]

1. e4 c5 2. Nf3 Nc6 3. d4 cxd4 4. Nxd4 g6 5. Nc3 Bg7 6. Be3 Nf6 7. Be2 O-O 8.
O-O d6 9. Kh1 Bd7 10. f4 Nxd4 11. Bxd4 Bc6 12. Bf3 Qa5 13. Qe1 Rfd8 14. Qh4 e5
15. Be3 exf4 16. Bxf4 d5 17. Bg5 dxe4 18. Nxe4 Nxe4 19. Bxd8 Qxd8 20. Qf4 f5
21. Rad1 Qb6 22. Bxe4 Bxe4 23. Qd6 Qxb2 24. Qe6+ Kh8 25. Rd2 Qf6 26. Qd7 Bc6
27. Qc7 h5 28. Rfd1 h4 29. Kg1 Qg5 30. Rf2 Re8 31. Qf4 Bh6 32. g3 Qxf4 33. gxf4
Bf8 34. Rfd2 Bc5+ 35. Kf1 h3 36. c4 Bg2+ 0-1

[Event "17. Obert Int. Sant Marti 2015"]
[Site "Barcelona ESP"]
[Date "2015.07.15"]
[Round "3.69"]
[White "Anker, Christin"]
[Black "Molano Lafuente, Ismael"]
[Result "1/2-1/2"]
[WhiteElo "1849"]
[BlackElo "2112"]
[PlyCount "61"]
[EventDate "2015.07.13"]
[EventType "swiss"]
[EventRounds "9"]
[EventCountry "ESP"]
[SourceTitle "Ajedrez en Madrid"]
[Source "lmi"]
[SourceDate "2013.07.13"]
[SourceVersion "1"]
[SourceVersionDate "2019.06.24"]
[SourceQuality "1"]

1. e4 e5 2. Nf3 f5 3. exf5 e4 4. Nd4 Nf6 5. d3 c5 6. Nb3 Qe7 7. Be2 d5 8. dxe4
dxe4 9. Nc3 Bxf5 10. Bg5 Qe5 11. Qd2 Be7 12. Bf4 Qe6 13. Nb5 Na6 14. Nd6+ Bxd6
15. Qxd6 Qxd6 16. Bxd6 Nb4 17. Bb5+ Kf7 18. Bc4+ Kg6 19. O-O Nxc2 20. Rac1 Nd4
21. Bxc5 Nxb3 22. Bxb3 b6 23. Be3 Rac8 24. h3 Rxc1 25. Rxc1 Rc8 26. Rxc8 Bxc8
27. Bc4 Bb7 28. Kh2 Nd5 29. Bxd5 Bxd5 30. a3 Kf5 31. Kg3 1/2-1/2

[Event "17. Obert Int. Sant Marti 2015"]
[Site "Barcelona ESP"]
[Date "2015.07.15"]
[Round "3.70"]
[White "Minguell Soler, Joan"]
[Black "Guix Torres, David"]
[Result "1-0"]
[WhiteElo "1836"]
[BlackElo "2036"]
[PlyCount "131"]
[EventDate "2015.07.13"]
[EventType "swiss"]
[EventRounds "9"]
[EventCountry "ESP"]
[SourceTitle "Ajedrez en Madrid"]
[Source "lmi"]
[SourceDate "2013.07.13"]
[SourceVersion "1"]
[SourceVersionDate "2019.06.24"]
[SourceQuality "1"]

1. d4 Nf6 2. c4 c5 3. Nf3 cxd4 4. Nxd4 e5 5. Nf3 e4 6. Nd4 d5 7. e3 Bb4+ 8. Nc3
O-O 9. Qb3 Na6 10. Bd2 dxc4 11. Bxc4 Bd6 12. Bxa6 bxa6 13. Nce2 Bg4 14. Bc3 Nd7
15. Nc6 Qc7 16. Ned4 Nb6 17. Rc1 Rac8 18. h3 Bd7 19. Bd2 Qb7 20. Na5 Rxc1+ 21.
Bxc1 Qc7 22. Qd1 Nd5 23. Bd2 Nb4 24. O-O Qxa5 25. a3 Qe5 26. f4 exf3 27. Nxf3
Qg3 28. Be1 Qg6 29. axb4 Bb5 30. Rf2 Qe6 31. Bc3 Bg3 32. Rd2 Qxe3+ 33. Kh1 Re8
34. Rd8 h6 35. Rxe8+ Qxe8 36. Qd4 f6 37. Qg4 Bd6 38. Nh4 Bd7 39. Qf3 Bc6 40.
Qd3 Qe4 41. Qxd6 Bb7 42. Nf3 Kh7 43. Qd4 Qb1+ 44. Kh2 Qc2 45. Qg4 Be4 46. Nd4
Qd3 47. Qe2 Qb1 48. Qxa6 Qc1 49. Qe2 Qf4+ 50. g3 Qe5 51. Nf3 Qd5 52. Nd2 Bg6
53. Qf2 Qe6 54. Nf3 Be4 55. Qe3 Qd5 56. Nd2 Bf5 57. Qxa7 h5 58. Qd4 Qb7 59. Qc5
Kg6 60. h4 Qd7 61. Qe3 Qd5 62. Qd4 Qe6 63. Qf2 Qd5 64. Nf1 Qe4 65. Ne3 Bd7 66.
Qc2 1-0

[Event "17. Obert Int. Sant Marti 2015"]
[Site "Barcelona ESP"]
[Date "2015.07.15"]
[Round "3.71"]
[White "Costa Trave, Jaume"]
[Black "Cano Sevila, Ivan"]
[Result "0-1"]
[WhiteElo "2022"]
[BlackElo "1870"]
[PlyCount "46"]
[EventDate "2015.07.13"]
[EventType "swiss"]
[EventRounds "9"]
[EventCountry "ESP"]
[SourceTitle "Ajedrez en Madrid"]
[Source "lmi"]
[SourceDate "2013.07.13"]
[SourceVersion "1"]
[SourceVersionDate "2019.06.24"]
[SourceQuality "1"]

1. d4 Nf6 2. Nc3 d5 3. Bf4 c6 4. e3 Bf5 5. f3 e6 6. g4 Bg6 7. h4 h6 8. Bd3 Bxd3
9. cxd3 Qb6 10. Qc2 Nbd7 11. Nge2 Bb4 12. a3 Bxc3+ 13. bxc3 O-O-O 14. Kf2 Rde8
15. a4 e5 16. Bg3 e4 17. Nf4 exf3 18. Kxf3 Qd8 19. c4 Nxg4 20. Kxg4 Rxe3 21.
Nxd5 Nf6+ 22. Nxf6 gxf6 23. Kf4 Qxd4+ 0-1

[Event "17. Obert Int. Sant Marti 2015"]
[Site "Barcelona ESP"]
[Date "2015.07.15"]
[Round "3.73"]
[White "Quero Ortega, Juan"]
[Black "Dahale, Atul"]
[Result "0-1"]
[WhiteElo "1820"]
[BlackElo "1969"]
[PlyCount "76"]
[EventDate "2015.07.13"]
[EventType "swiss"]
[EventRounds "9"]
[EventCountry "ESP"]
[SourceTitle "Ajedrez en Madrid"]
[Source "lmi"]
[SourceDate "2013.07.13"]
[SourceVersion "1"]
[SourceVersionDate "2019.06.24"]
[SourceQuality "1"]

1. c4 e5 2. Nc3 f5 3. g3 Nf6 4. Bg2 Bb4 5. d3 O-O 6. Nf3 d6 7. O-O Bxc3 8. bxc3
Nc6 9. Qb3 Rb8 10. Be3 h6 11. Rad1 Be6 12. Qb2 Qe8 13. Rfe1 Qh5 14. Qc2 Rbe8
15. Bc1 f4 16. e4 Bg4 17. Qe2 Nh7 18. h3 Bxh3 19. Nh2 Qxe2 20. Rxe2 Bxg2 21.
Kxg2 Ng5 22. gxf4 exf4 23. f3 Ne5 24. Rf2 h5 25. Ba3 b6 26. Bc1 Ne6 27. Ba3 Rf6
28. Bc1 Ref8 29. Kf1 g5 30. Rg2 Rg6 31. Ke2 g4 32. Rdg1 g3 33. Nf1 Nxf3 34. Rh1
h4 35. Kxf3 Ng5+ 36. Kg4 f3 37. Rxg3 hxg3 38. Nxg3 Nxe4+ 0-1

[Event "17. Obert Int. Sant Marti 2015"]
[Site "Barcelona ESP"]
[Date "2015.07.15"]
[Round "3.74"]
[White "Minko, Dmitry"]
[Black "Alfara Ayllon, Jose Luis"]
[Result "1-0"]
[WhiteElo "1672"]
[BlackElo "1964"]
[PlyCount "119"]
[EventDate "2015.07.13"]
[EventType "swiss"]
[EventRounds "9"]
[EventCountry "ESP"]
[SourceTitle "Ajedrez en Madrid"]
[Source "lmi"]
[SourceDate "2013.07.13"]
[SourceVersion "1"]
[SourceVersionDate "2019.06.24"]
[SourceQuality "1"]

1. d4 d5 2. c4 e6 3. Nc3 Be7 4. Bf4 Nf6 5. cxd5 exd5 6. Qc2 c6 7. e3 O-O 8. Bd3
Re8 9. O-O-O Nbd7 10. Nb5 Nf8 11. Nc7 Bg4 12. f3 Bh5 13. Nxa8 Qxa8 14. g4 Bg6
15. h4 b5 16. h5 Bxd3 17. Qxd3 Qd8 18. Kb1 Ne6 19. Bg3 a6 20. Ne2 c5 21. Qf5 h6
22. Be5 c4 23. Rdg1 Nh7 24. Bg3 b4 25. Nf4 Nxf4 26. Bxf4 b3 27. a3 Qa5 28. Qd7
Nf6 29. Qc7 Qd2 30. Rh2 Qd3+ 31. Ka1 Nh7 32. Qa5 Ng5 33. Rd2 Qh7 34. Qa4 Kf8
35. Bxg5 Bxg5 36. f4 Bd8 37. f5 Rxe3 38. Qb4+ Ke8 39. Qa4+ Ke7 40. Qb4+ Ke8 41.
Qd6 Qg8 42. Qxd5 Qf8 43. Qc6+ Ke7 44. d5 Qe8 45. Qc5+ Kf6 46. Qc6+ Kg5 47. Qxc4
Re1+ 48. Rd1 Rxg1 49. Rxg1 Qe3 50. Rd1 Bf6 51. d6 Qf3 52. Qc1+ Kxg4 53. d7 Bd8
54. Rg1+ Kxh5 55. Qc4 Qxf5 56. Qxb3 Qxd7 57. Qf3+ Kh4 58. Qf4+ Kh5 59. Qf3+ Kh4
60. Qg3+ 1-0

[Event "17. Obert Int. Sant Marti 2015"]
[Site "Barcelona ESP"]
[Date "2015.07.15"]
[Round "3.75"]
[White "Franch Guiral, Ramon"]
[Black "Riu Lopez, Daniel"]
[Result "1/2-1/2"]
[WhiteElo "1964"]
[BlackElo "1839"]
[PlyCount "111"]
[EventDate "2015.07.13"]
[EventType "swiss"]
[EventRounds "9"]
[EventCountry "ESP"]
[SourceTitle "Ajedrez en Madrid"]
[Source "lmi"]
[SourceDate "2013.07.13"]
[SourceVersion "1"]
[SourceVersionDate "2019.06.24"]
[SourceQuality "1"]

1. e4 c5 2. Nc3 e6 3. g3 Nc6 4. Bg2 Nge7 5. f4 g6 6. Nf3 Bg7 7. O-O O-O 8. d3
d5 9. e5 a6 10. Ne2 d4 11. c3 Rb8 12. cxd4 Nxd4 13. Nexd4 cxd4 14. Qa4 Nc6 15.
a3 b5 16. Qd1 Qb6 17. Bd2 Bb7 18. Qe2 Rfd8 19. Rfc1 Na5 20. Bxa5 Qxa5 21. Qf2
Qb6 22. Rc2 Rbc8 23. Rac1 Rxc2 24. Rxc2 Bf8 25. Ng5 Be7 26. Ne4 Kg7 27. g4 a5
28. Qd2 Rc8 29. Rxc8 Bxc8 30. Qc2 Bb7 31. Kf2 a4 32. Kg3 Bc6 33. Bf3 b4 34.
axb4 Bxb4 35. Kf2 Be7 36. Nd2 Bd7 37. Nc4 Qb4 38. Qd2 Bb5 39. Qxb4 Bxb4 40. Ke2
Bc3 41. Na3 Bxb2 42. Nxb5 a3 43. Nxa3 Bxa3 44. Bc6 f6 45. exf6+ Kxf6 46. Kf3 g5
47. Ke4 Bb2 48. Bd7 gxf4 49. Kxf4 Bc1+ 50. Kg3 h6 51. Kh4 e5 52. Bf5 Bd2 53.
Kh5 Bf4 54. Be4 Bxh2 55. Kxh6 Bf4+ 56. Kh5 1/2-1/2